000 00417nam a2200181Ia 4500
001 7451
005 20260306160456.0
008 260306t2006||||xx |||||||||||||| ||spa||
041 _aESP
082 _a339
_bB61 2006
100 _aBlanchard, Oliver
_eAUT
245 0 _aMacroeconomĂ­a
260 _c2006
300 _axxviii, 703 páginas :
_c25 cm.
650 _aGEN
654 _aCAN
942 _cLIB
_dJUS
_fJUS
_2ddc
_n
999 _c7451
_d7451